000 00736nab a2200229u 4500
001 15726
003 HDC
007 c| |||a|c|aaaa
008 210218b20140410my ||||| |||| 00| 0 may d
040 _aHDC
245 0 _aIndustri diunjur raih potensi pelaburan RM1.5b
336 _atext
_2rdacontent
337 _acomputer
_2rdamedia
338 _aonline resource
_2rdacarrier
650 _aHalal Development Corporation (HDC)
_98170
650 _aHalal parks
_910362
710 _aBERITA HARIAN
856 _zRequest full-text at [email protected]
942 _2lcc
942 _cNEWS
942 _kNWSC 003727
999 _c13042
_d13042